| 000 | 00966nam a22003137a 4500 | ||
|---|---|---|---|
| 001 | BR7803800 | ||
| 003 | BR-BrBNA | ||
| 005 | 20230928085626.0 | ||
| 007 | ta | ||
| 008 | 230509b bl.||||| |||| 00| 0 por d | ||
| 040 |
_aBR-BrBNA _bpor _cBiblioteca Nacional de Agricultura |
||
| 041 | _a(Por) | ||
| 072 |
_aE50; P12 _b/G514 |
||
| 090 | _ E50 BR7803800 | ||
| 100 | 1 | _aAnon. | |
| 111 | 1 |
_a4. Congresso Nacional de Irrigacao e Drenagem _cSalvador, BA (Brazil) _d11 Sep 1978 |
|
| 245 | 1 | _aModelo metodologico de treinamento economico de colonos [Comunidade rural; Assistencia social; Irrigacao; Janauba; Minas Gerais; Brasil] | |
| 260 | 3 |
_aSalvador, BA (Brasil): _c1978. |
|
| 300 | _a62 p. | ||
| 500 | _a9 illus.; 6 ref. | ||
| 650 | _aSociologia rural | ||
| 650 | _aIrrigacao | ||
| 650 | _aComunidade rural | ||
| 650 | _aAssistencia social | ||
| 650 | _aArrendamento | ||
| 650 | _aMinas Gerais | ||
| 909 |
_a202309 _bLucia _c55 _dLucia Elande |
||
| 942 | _cBK | ||
| 999 |
_c25446 _d25446 |
||